000 00554nam a2200181Ia 4500
008 090123s9999 xx 000 0 und d
082 _b3625
100 _aरांजणकर यशवंत
245 _aश्वेतरेखा
250 _a1
260 _bसोमय्या पब्लिकोशन
_c1974
300 _a160
600 _aरांजणकर यशवंत
630 _aश्वेतरेखा
700 _aरांजणकर यशवंत
730 _aश्वेतरेखा
942 _cBOOK
999 _c41705
_d41705